[Event "Leuven op"]
[Site "Leuven"]
[Date "2019.11.10"]
[Round "4"]
[White "De Bock, Thijs"]
[Black "Nester, Ihor"]
[Result "0-1"]
[WhiteElo "2019"]
[BlackElo "2366"]
[PlyCount "76"]
[EventDate "2019.11.08"]
[EventType "swiss"]
[EventRounds "7"]
[EventCountry "BEL"]
[SourceTitle "CBM 193 Extra"]
[Source "ChessBase"]
[SourceDate "2020.01.31"]
[SourceVersion "1"]
[SourceVersionDate "2020.01.31"]
[SourceQuality "1"]

1. c4 f5 2. f4 Nf6 3. Nf3 d6 4. g3 g6 5. Bg2 Bg7 6. 0-0 e5 7. e3 e4 8. Ne1 c6 9. Nc3 Be6 10. d3 exd3 11. Qxd3 Na6 12. b3 d5 13. cxd5 Nxd5 14. Bxd5 Nb4 15. Qc4 Nxd5 16. Bb2 Qe7 17. Nxd5 Bxd5 18. Qe2 Bxb2 19. Qxb2 Qxe3+ 20. Rf2 0-0-0 21. Ng2 Bxg2 22. Kxg2 Rhe8 23. Qg7 Rd7 24. Qb2 h5 25. b4 Rd5 26. a4 Qd4 27. Qxd4 Rxd4 28. b5 Ree4 29. bxc6 bxc6 30. Rc2 Rc4 31. Rxc4 Rxc4 32. Kh3 Re4 33. Kh4 Kc7 34. Kg5 Re6 35. Rb1 c5 36. Rc1 Rc6 37. Re1 c4 38. Rc1 c3 0-1

[Event "Brasschaat op 19th"]
[Site "Brasschaat"]
[Date "2019.08.24"]
[Round "8"]
[White "De Bock, Thijs"]
[Black "Pirard, Natan"]
[Result "1-0"]
[WhiteElo "1870"]
[BlackElo "2153"]
[PlyCount "63"]
[EventDate "2019.08.17"]
[EventType "swiss"]
[EventRounds "9"]
[EventCountry "BEL"]
[SourceTitle "EXT 2020"]
[Source "ChessBase"]
[SourceDate "2019.10.17"]
[SourceVersion "1"]
[SourceVersionDate "2019.10.17"]
[SourceQuality "1"]

1. e4 c5 2. c3 Nf6 3. e5 Nd5 4. d4 cxd4 5. Nf3 d6 6. cxd4 Nc6 7. Bc4 e6 8. 0-0 Be7 9. Qe2 0-0 10. Nc3 dxe5 11. dxe5 Nxc3 12. bxc3 Qa5 13. Qe4 Qa4 14. Bg5 Rb8 15. Rfe1 h6 16. Bxh6 b5 17. Qg4 g6 18. Bxf8 Bxf8 19. Ng5 Qxc4 20. Qf3 Rb7 21. Ne4 Bg7 22. Nd6 Qc5 23. Nxc8 Rc7 24. Nd6 Nxe5 25. Qa8+ Kh7 26. Ne4 Qe7 27. Re3 g5 28. Rh3+ Bh6 29. Rd1 Rd7 30. Rxd7 Nxd7 31. Qxa7 Kg6 32. Rd3 1-0

[Event "Brasschaat op 19th"]
[Site "Brasschaat"]
[Date "2019.08.18"]
[Round "2"]
[White "Baselmans, Luuk"]
[Black "De Bock, Thijs"]
[Result "0-1"]
[WhiteElo "2250"]
[BlackElo "1870"]
[PlyCount "62"]
[EventDate "2019.08.17"]
[EventType "swiss"]
[EventRounds "9"]
[EventCountry "BEL"]
[SourceTitle "EXT 2020"]
[Source "ChessBase"]
[SourceDate "2019.10.17"]
[SourceVersion "1"]
[SourceVersionDate "2019.10.17"]
[SourceQuality "1"]

1. e4 c5 2. Nf3 d6 3. Bb5+ Nd7 4. Ba4 Ngf6 5. 0-0 a6 6. c4 g6 7. Nc3 Bg7 8. d3 0-0 9. h3 Ne8 10. Be3 Nc7 11. Qd2 b5 12. Bb3 Bb7 13. Bh6 Ne5 14. Ne1 bxc4 15. dxc4 Bxh6 16. Qxh6 f5 17. exf5 Rxf5 18. Qe3 Qf8 19. Ne2 Ne6 20. Bc2 Rf6 21. b3 Nd4 22. Nxd4 cxd4 23. Qxd4 Rf4 24. Qe3 Qf6 25. Nd3 Nf3+ 26. Kh1 Rg4 27. Nb4 Rxg2 28. Kxg2 Nh4+ 29. Kg3 Ng2 30. Qd2 Qf3+ 31. Kh2 Nf4 0-1

[Event "NED-ch U20 op"]
[Site "Borne"]
[Date "2019.08.05"]
[Round "1"]
[White "De Bock, Thijs"]
[Black "Hilwerda, Jonas"]
[Result "1/2-1/2"]
[WhiteElo "1870"]
[BlackElo "2263"]
[PlyCount "278"]
[EventDate "2019.08.05"]
[EventType "swiss"]
[EventRounds "9"]
[EventCountry "NED"]
[SourceTitle "CBM 191 Extra"]
[Source "ChessBase"]
[SourceDate "2019.09.30"]
[SourceVersion "1"]
[SourceVersionDate "2019.09.30"]
[SourceQuality "1"]

1. c4 e5 2. g3 Nc6 3. Bg2 g6 4. Nc3 Bg7 5. Nf3 d6 6. 0-0 Nge7 7. d3 0-0 8. Nd5 Nxd5 9. cxd5 Ne7 10. Qb3 c6 11. dxc6 bxc6 12. Qa3 h6 13. Bd2 a5 14. Bb4 c5 15. Bc3 Bb7 16. Ne1 Qd7 17. Bxb7 Qxb7 18. Ng2 Rfc8 19. f4 Nd5 20. e4 Nb4 21. Qb3 c4 22. dxc4 Qxe4 23. fxe5 dxe5 24. c5 Qd5 25. Bxb4 Qxb3 26. axb3 axb4 27. Rxa8 Rxa8 28. Rc1 Rc8 29. Ne3 Rc6 30. Nd5 Bf8 31. Nxb4 Rxc5 32. Nd3 Rd5 33. Rc3 e4 34. Nf4 Rd2 35. Rc4 e3 36. Rc3 Bg7 37. Rc8+ Kh7 38. Kf1 Rf2+ 39. Ke1 Rxb2 40. Rc7 Kg8 41. Rc8+ Kh7 42. Rc7 Kg8 43. Rc8+ Bf8 44. Nd5 Kg7 45. Nxe3 Rxh2 46. g4 Bb4+ 47. Kd1 Rd2+ 48. Kc1 Rd3 49. Nc2 Rxb3 50. Rc4 Bd6 51. Kd2 Rg3 52. Ke2 Rg2+ 53. Kf3 Rg3+ 54. Kf2 Rd3 55. Ke2 Rb3 56. Ne3 Be5 57. Re4 Bf6 58. Nc4 Rh3 59. Nd6 Bg5 60. Kf2 Rd3 61. Nc4 Bf6 62. Kg2 Rd5 63. Kf3 h5 64. gxh5 Rxh5 65. Nd6 Be5 66. Nc4 Kf6 67. Ne3 Bd6 68. Ng4+ Kg7 69. Rd4 Rf5+ 70. Kg2 Bc5 71. Rd7 Bb4 72. Ne3 Re5 73. Ng4 Re7 74. Rd4 Bc5 75. Rc4 Bb6 76. Rc6 Bd4 77. Rd6 Be5 78. Rd5 Bc7 79. Kf3 f5 80. Ne3 Rf7 81. Rb5 Kh6 82. Rb7 Kg7 83. Rb5 Bd8 84. Nc4 Bf6 85. Nd6 Rd7 86. Nxf5+ gxf5 87. Rxf5 Kg6 88. Rb5 Rd3+ 89. Ke4 Rd4+ 90. Ke3 Rh4 91. Kf3 Kf7 92. Kg3 Ra4 93. Kf3 Ke6 94. Rh5 Be5 95. Rh6+ Kd5 96. Rh1 Ra3+ 97. Kg4 Re3 98. Kf5 Bd4 99. Rh5 Rf3+ 100. Kg4+ Ke4 101. Rg5 Rf1 102. Kh5 Bf6 103. Rg4+ Kf5 104. Rg5+ Ke6 105. Rg2 Rf4 106. Kg6 Rf3 107. Re2+ Be5 108. Rg2 Rf8 109. Rg5 Bf6 110. Rg4 Rh8 111. Re4+ Be5 112. Rg4 Rh1 113. Rg2 Ra1 114. Rg5 Re1 115. Rg2 Rb1 116. Rg5 Rb8 117. Rg4 Rf8 118. Rg5 Bf4 119. Rg4 Rf6+ 120. Kh7 Kf5 121. Rg7 Rh6+ 122. Kg8 Be5 123. Rf7+ Bf6 124. Rh7 Rg6+ 125. Kf8 Rg1 126. Ke8 Ra1 127. Rb7 Rd1 128. Rd7 Re1+ 129. Kf7 Be5 130. Ke7 Bc7+ 131. Kf7 Rh1 132. Kf8 Be5 133. Kf7 Rh6 134. Kf8 Ke6 135. Re7+ Kd6 136. Re8 Rh7 137. Kg8 Rg7+ 138. Kf8 Bf6 139. Re2 Ra7 1/2-1/2

[Event "Brasschaat op 18th"]
[Site "Brasschaat"]
[Date "2018.08.25"]
[Round "8"]
[White "De Bock, Thijs"]
[Black "Dgebuadze, Marie"]
[Result "1-0"]
[WhiteElo "1959"]
[BlackElo "1733"]
[PlyCount "57"]
[EventDate "2018.08.18"]
[EventType "swiss"]
[EventRounds "9"]
[EventCountry "BEL"]
[SourceTitle "CBM 186 Extra"]
[Source "ChessBase"]
[SourceDate "2018.08.24"]
[SourceVersion "1"]
[SourceVersionDate "2018.08.24"]
[SourceQuality "1"]

1. e4 c5 2. Nf3 d6 3. d4 cxd4 4. Nxd4 Nf6 5. Nc3 g6 6. Be3 Bg7 7. f3 Nc6 8. Bc4 0-0 9. Qd2 Bd7 10. 0-0-0 Rc8 11. Bb3 Ne5 12. Kb1 Nc4 13. Bxc4 Rxc4 14. g4 Qa5 15. Nd5 Qxd2 16. Nxe7+ Kh8 17. Rxd2 Re8 18. b3 Rc3 19. g5 Nxe4 20. fxe4 Rxe7 21. Bf4 Rxe4 22. Ne2 Rc8 23. Bxd6 Rce8 24. Nc1 Bf5 25. Ba3 Rg4 26. Re1 Rxe1 27. Rd8+ Bf8 28. Bxf8 Rge4 29. Be7+ 1-0

[Event "Groningen op-A 55th"]
[Site "Groningen"]
[Date "2017.12.27"]
[Round "6"]
[White "Damen, Jip"]
[Black "De Bock, Thijs"]
[Result "1-0"]
[WhiteElo "2105"]
[BlackElo "2019"]
[PlyCount "41"]
[EventDate "2017.12.22"]
[EventType "swiss"]
[EventRounds "9"]
[EventCountry "NED"]
[SourceTitle "CBM 182 Extra"]
[Source "ChessBase"]
[SourceDate "2018.02.23"]
[SourceVersion "1"]
[SourceVersionDate "2018.02.23"]
[SourceQuality "1"]

1. e4 c5 2. Nf3 d6 3. d4 cxd4 4. Nxd4 Nf6 5. Nc3 g6 6. Be3 Bg7 7. f3 0-0 8. Qd2 Nc6 9. 0-0-0 d5 10. Kb1 Rb8 11. Ndb5 a6 12. Na7 e6 13. Qf2 Re8 14. h4 h5 15. Bc4 Ne7 16. Bb6 Qd6 17. Bb3 Nd7 18. Be3 b5 19. exd5 e5 20. Ne4 Qb4 21. d6 1-0

[Event "Groningen op-A 55th"]
[Site "Groningen"]
[Date "2017.12.26"]
[Round "5"]
[White "Guelsen, Taylan"]
[Black "De Bock, Thijs"]
[Result "1-0"]
[WhiteElo "2213"]
[BlackElo "2019"]
[PlyCount "33"]
[EventDate "2017.12.22"]
[EventType "swiss"]
[EventRounds "9"]
[EventCountry "NED"]
[SourceTitle "CBM 182 Extra"]
[Source "ChessBase"]
[SourceDate "2018.02.23"]
[SourceVersion "1"]
[SourceVersionDate "2018.02.23"]
[SourceQuality "1"]

1. d4 Nf6 2. Bf4 g6 3. Nc3 Bg7 4. e4 d6 5. Qd2 0-0 6. 0-0-0 c5 7. dxc5 Qa5 8. cxd6 exd6 9. Kb1 Be6 10. Nd5 Qa4 11. f3 Nc6 12. Nc3 Qa5 13. Bh6 Bh8 14. Bxf8 Rxf8 15. Nge2 b5 16. Nd5 b4 17. Nef4 1-0

[Event "EU-chT U18"]
[Site "Rymanow Zdroj"]
[Date "2017.08.21"]
[Round "5.9"]
[White "De Bock, Thijs"]
[Black "Karas, Marek"]
[Result "1-0"]
[WhiteElo "1951"]
[BlackElo "2256"]
[PlyCount "119"]
[EventDate "2017.08.17"]
[EventType "team-swiss"]
[EventRounds "7"]
[EventCountry "POL"]
[SourceTitle "CBM 180 Extra"]
[Source "ChessBase"]
[SourceDate "2017.10.06"]
[SourceVersion "1"]
[SourceVersionDate "2017.10.06"]
[SourceQuality "1"]
[WhiteTeam "Belgium U18"]
[BlackTeam "Slovakia U18"]
[WhiteTeamCountry "BEL"]
[BlackTeamCountry "SVK"]

1. e4 e6 2. d4 d5 3. Nd2 c5 4. exd5 Qxd5 5. Ngf3 cxd4 6. Bc4 Qd7 7. 0-0 Nc6 8. Nb3 Nf6 9. Nbxd4 Nxd4 10. Nxd4 a6 11. Re1 Qc7 12. Bb3 Bd6 13. Nf5 Bxh2+ 14. Kh1 0-0 15. Nxg7 Rd8 16. Qf3 Kxg7 17. Bh6+ Kg6 18. c3 Nh5 19. Re4 Kxh6 20. Rh4 Kg7 21. Qxh5 Be5 22. Re1 Kf6 23. Rg4 Ke7 24. Rxe5 Rf8 25. Rg7 Qd6 26. Qg5+ Ke8 27. Qf6 Qe7 28. Qh6 Bd7 29. f4 Rc8 30. f5 Rc5 31. Qf4 Rxe5 32. Qxe5 Qh4+ 33. Kg1 Qd8 34. c4 Qc8 35. c5 Qc6 36. Kh1 h5 37. Bc2 Kd8 38. Be4 Qc7 39. Qf6+ Kc8 40. Rxf7 Rxf7 41. Qxf7 Qg3 42. Qf8+ Kc7 43. Qd6+ Qxd6 44. cxd6+ Kxd6 45. fxe6 Bc8 46. Kh2 b6 47. Kg3 Bxe6 48. a3 Kc5 49. Kh4 Kc4 50. Bc2 Bg4 51. Bg6 Kb3 52. Bxh5 Be6 53. g4 Kxb2 54. a4 Bxg4 55. Kxg4 Ka3 56. Be8 b5 57. Bxb5 Kb4 58. Be8 Ka5 59. Kf4 Kb4 60. Ke5 1-0

[Event "EU-chT U18"]
[Site "Rymanow Zdroj"]
[Date "2017.08.20"]
[Round "4.8"]
[White "Haring, Filip"]
[Black "De Bock, Thijs"]
[Result "1/2-1/2"]
[WhiteElo "2258"]
[BlackElo "1951"]
[PlyCount "96"]
[EventDate "2017.08.17"]
[EventType "team-swiss"]
[EventRounds "7"]
[EventCountry "POL"]
[SourceTitle "CBM 180 Extra"]
[Source "ChessBase"]
[SourceDate "2017.10.06"]
[SourceVersion "1"]
[SourceVersionDate "2017.10.06"]
[SourceQuality "1"]
[WhiteTeam "Slovakia U18 II"]
[BlackTeam "Belgium U18"]
[WhiteTeamCountry "SVK"]
[BlackTeamCountry "BEL"]

1. e4 c5 2. Nf3 d6 3. d4 cxd4 4. Nxd4 Nf6 5. Nc3 g6 6. Be3 Bg7 7. f3 0-0 8. Bc4 Nc6 9. Qd2 Bd7 10. Bb3 Nxd4 11. Bxd4 b5 12. a4 b4 13. Ne2 a5 14. g4 Rc8 15. g5 Nh5 16. Ng3 Bxd4 17. Qxd4 Nf4 18. Qd2 Ne6 19. h4 Qb6 20. Ne2 Nc5 21. h5 Nxb3 22. cxb3 Rc5 23. Rc1 Rfc8 24. hxg6 fxg6 25. Rc4 Rxc4 26. bxc4 b3 27. Nc3 e6 28. Qf2 Qxf2+ 29. Kxf2 Rxc4 30. Rd1 Bxa4 31. Rxd6 Bc6 32. Ke3 e5 33. Kd3 Rc5 34. f4 a4 35. fxe5 a3 36. bxa3 Bb5+ 37. Kd2 b2 38. Rb6 Rxc3 39. Rxb5 Rxa3 40. Rxb2 Kf7 41. Rb6 Rg3 42. e6+ Ke7 43. Ke2 Rxg5 44. Rb7+ Kxe6 45. Rxh7 Rg3 46. Kf2 Rb3 47. Rg7 Ke5 48. Re7+ Kf4 1/2-1/2

[Event "EU-chT U18"]
[Site "Rymanow Zdroj"]
[Date "2017.08.18"]
[Round "2.11"]
[White "De Bock, Thijs"]
[Black "Matis, Tibor"]
[Result "1-0"]
[WhiteElo "1951"]
[BlackElo "1947"]
[PlyCount "85"]
[EventDate "2017.08.17"]
[EventType "team-swiss"]
[EventRounds "7"]
[EventCountry "POL"]
[SourceTitle "CBM 180 Extra"]
[Source "ChessBase"]
[SourceDate "2017.10.06"]
[SourceVersion "1"]
[SourceVersionDate "2017.10.06"]
[SourceQuality "1"]
[WhiteTeam "Belgium U18"]
[BlackTeam "Slovakia U18 III"]
[WhiteTeamCountry "BEL"]
[BlackTeamCountry "SVK"]

1. e4 c5 2. Nf3 Nc6 3. d4 cxd4 4. Nxd4 e5 5. Nb5 d6 6. N1c3 Nf6 7. Bg5 a6 8. Na3 Be6 9. Nc4 Nd4 10. Ne3 Be7 11. g3 0-0 12. Bg2 Rc8 13. 0-0 b5 14. a4 b4 15. Ne2 Nxe2+ 16. Qxe2 a5 17. Rfd1 Qc7 18. b3 h6 19. Bxf6 Bxf6 20. h4 Rfd8 21. Rd3 d5 22. Nxd5 Bxd5 23. Rxd5 Rxd5 24. exd5 Qxc2 25. Qxc2 Rxc2 26. Rd1 Rc3 27. d6 Rxb3 28. Rd5 Rb1+ 29. Kh2 g6 30. d7 Bd8 31. Rxe5 Kg7 32. Re8 Bc7 33. d8Q Bxd8 34. Rxd8 Ra1 35. Bc6 Ra2 36. Kg2 b3 37. Rb8 b2 38. Rb6 Kf8 39. Rb7 g5 40. Rxf7+ Kg8 41. Rb7 Kh8 42. hxg5 hxg5 43. Kf3 1-0

[Event "EU-chT U18"]
[Site "Rymanow Zdroj"]
[Date "2017.08.17"]
[Round "1.10"]
[White "Kozusek, Daniel"]
[Black "De Bock, Thijs"]
[Result "0-1"]
[WhiteElo "2296"]
[BlackElo "1951"]
[PlyCount "107"]
[EventDate "2017.08.17"]
[EventType "team-swiss"]
[EventRounds "7"]
[EventCountry "POL"]
[SourceTitle "CBM 180 Extra"]
[Source "ChessBase"]
[SourceDate "2017.10.06"]
[SourceVersion "1"]
[SourceVersionDate "2017.10.06"]
[SourceQuality "1"]
[WhiteTeam "Czech Republic U18"]
[BlackTeam "Belgium U18"]
[WhiteTeamCountry "CZE"]
[BlackTeamCountry "BEL"]

1. d4 Nf6 2. c4 g6 3. g3 Bg7 4. Bg2 0-0 5. Nf3 d6 6. 0-0 Nbd7 7. Qc2 e5 8. Rd1 exd4 9. Nxd4 Nc5 10. Nc3 Re8 11. e4 Ne6 12. Nde2 Ng4 13. h3 Ne5 14. b3 c5 15. Bb2 a6 16. Nd5 Nc6 17. Bxg7 Kxg7 18. Qb2+ Ned4 19. b4 Be6 20. Nxd4 Nxd4 21. bxc5 dxc5 22. Qxb7 Rb8 23. Qxa6 Ra8 24. Qb7 Ra4 25. Qb2 Rxc4 26. Ne3 Rb4 27. Qc3 Qb6 28. Rd2 Ra8 29. Kh2 Rba4 30. f4 Ra3 31. Nc4 Rxc3 32. Nxb6 Raa3 33. Nd5 Rxg3 34. f5 gxf5 35. Nf4 Kf8 36. exf5 Bxf5 37. Rb2 Rgb3 38. Rxb3 Nxb3 39. Re1 Rxa2 40. Re5 Bg6 41. Kg3 c4 42. Rb5 Ra3 43. Nxg6+ hxg6 44. Rb8+ Kg7 45. Rc8 Nd4+ 46. Kf4 c3 47. Ke5 Nf5 48. Be4 Ra5+ 49. Kf4 Ra4 50. Rc6 c2 51. Ke5 f6+ 52. Kf4 Nd6 53. Rc7+ Kh6 54. Rh7+ 0-1

[Event "BEL-ch op"]
[Site "Niel"]
[Date "2017.07.02"]
[Round "2"]
[White "Vanden Bussche, Steven"]
[Black "De Bock, Thijs"]
[Result "1-0"]
[WhiteElo "1896"]
[BlackElo "2009"]
[PlyCount "49"]
[EventDate "2017.07.01"]
[EventType "swiss"]
[EventRounds "9"]
[EventCountry "BEL"]
[SourceTitle "EXT 2018"]
[Source "ChessBase"]
[SourceDate "2017.10.13"]
[SourceVersion "1"]
[SourceVersionDate "2017.10.13"]
[SourceQuality "1"]

1. d4 Nf6 2. Bf4 g6 3. e3 Bg7 4. Nf3 0-0 5. Be2 d6 6. h3 c5 7. 0-0 b6 8. c4 Bb7 9. Nc3 Ne4 10. Qc2 Nxc3 11. bxc3 Nd7 12. Rfd1 h6 13. e4 Qc7 14. d5 Kh7 15. h4 Rae8 16. h5 g5 17. Bxg5 hxg5 18. Nxg5+ Kg8 19. e5 f5 20. exf6 Rxf6 21. Qh7+ Kf8 22. Ne6+ Rxe6 23. dxe6 Nf6 24. Qg6 Kg8 25. h6 1-0

[Event "BEL-ch U16"]
[Site "Blankenberge"]
[Date "2017.04.14"]
[Round "8"]
[White "De Bock, Thijs"]
[Black "Beukema, Jasper"]
[Result "1-0"]
[WhiteElo "2072"]
[BlackElo "2276"]
[PlyCount "79"]
[EventDate "2017.04.09"]
[EventType "swiss"]
[EventRounds "9"]
[EventCountry "BEL"]
[SourceTitle "CBM 178 Extra"]
[Source "ChessBase"]
[SourceDate "2017.06.22"]
[SourceVersion "1"]
[SourceVersionDate "2017.06.22"]
[SourceQuality "1"]

1. e4 e5 2. Nf3 Nc6 3. Bb5 Nf6 4. d3 Bc5 5. Bxc6 dxc6 6. Nbd2 Be6 7. 0-0 Qd6 8. b3 Nd7 9. Ng5 0-0-0 10. Nxe6 Qxe6 11. Rb1 Bb6 12. b4 g5 13. a4 g4 14. a5 Bd4 15. a6 b6 16. Rb3 b5 17. c3 Bb6 18. c4 Bd4 19. Bb2 Nb6 20. Bxd4 Rxd4 21. cxb5 cxb5 22. Qc2 Na4 23. Rc1 Qd6 24. Nf1 c5 25. Ne3 Qxa6 26. bxc5 Kb8 27. Nd5 Qc6 28. Rxb5+ Ka8 29. Ra5 Rb8 30. Ra1 Rb2 31. Qc1 Rb3 32. Qc2 Rb2 33. Qd1 Qb7 34. g3 Rb3 35. Nb6+ Rxb6 36. cxb6 Nxb6 37. Rxa7+ Qxa7 38. Rxa7+ Kxa7 39. Qxg4 Rxd3 40. Qg7 1-0

[Event "BEL-ch U16"]
[Site "Blankenberge"]
[Date "2017.04.12"]
[Round "5"]
[White "Boudry, William"]
[Black "De Bock, Thijs"]
[Result "0-1"]
[WhiteElo "1842"]
[BlackElo "2072"]
[PlyCount "68"]
[EventDate "2017.04.09"]
[EventType "swiss"]
[EventRounds "9"]
[EventCountry "BEL"]
[SourceTitle "CBM 178 Extra"]
[Source "ChessBase"]
[SourceDate "2017.06.22"]
[SourceVersion "1"]
[SourceVersionDate "2017.06.22"]
[SourceQuality "1"]

1. e4 c5 2. Nf3 d6 3. Bb5+ Nd7 4. 0-0 a6 5. Be2 Ngf6 6. d3 g6 7. Re1 Bg7 8. a4 b6 9. Nc3 Bb7 10. Bf4 0-0 11. Qd2 c4 12. Bh6 Nc5 13. Bxg7 Kxg7 14. Ra3 b5 15. axb5 axb5 16. Nxb5 Qb6 17. dxc4 Rxa3 18. bxa3 Nfxe4 19. Qd4+ e5 20. Qe3 f5 21. Bd3 Nf6 22. Ng5 f4 23. Qh3 Bc8 24. Qh4 h6 25. Nh3 Ne6 26. Bxg6 Kxg6 27. Rd1 Ng5 28. Nxf4+ exf4 29. Qxf4 Nge4 30. h4 Qc5 31. Rd4 d5 32. f3 dxc4 33. fxe4 Qxb5 34. e5 Qb1+ 0-1

[Event "BEL-ch U16"]
[Site "Blankenberge"]
[Date "2017.04.11"]
[Round "4"]
[White "De Bock, Thijs"]
[Black "Van Malder, Dries"]
[Result "1/2-1/2"]
[WhiteElo "2072"]
[BlackElo "1884"]
[PlyCount "89"]
[EventDate "2017.04.09"]
[EventType "swiss"]
[EventRounds "9"]
[EventCountry "BEL"]
[SourceTitle "CBM 178 Extra"]
[Source "ChessBase"]
[SourceDate "2017.06.22"]
[SourceVersion "1"]
[SourceVersionDate "2017.06.22"]
[SourceQuality "1"]

1. e4 c5 2. Nf3 a6 3. c4 e6 4. Nc3 Qc7 5. d4 cxd4 6. Nxd4 Nf6 7. Be2 Bb4 8. f3 d5 9. 0-0 0-0 10. Bg5 Nbd7 11. cxd5 Bxc3 12. bxc3 exd5 13. Nf5 dxe4 14. Qd4 Qe5 15. Qxe5 Nxe5 16. Bxf6 gxf6 17. fxe4 Bxf5 18. Rxf5 Rac8 19. Rxf6 Rxc3 20. Rb6 Re3 21. Bf1 Rxe4 22. Rxb7 Ra4 23. Ra7 a5 24. Bb5 Ra3 25. Re1 f6 26. Rc1 Rxa2 27. Rcc7 Rd8 28. Rg7+ Kf8 29. Rxh7 Kg8 30. h4 Nf3+ 31. gxf3 Rd1+ 32. Bf1 Raa1 33. h5 Rxf1+ 34. Kg2 Rg1+ 35. Kf2 Rg5 36. h6 Ra2+ 37. Ke3 Ra3+ 38. Kd4 Rxf3 39. Rhd7 Rg4+ 40. Kc5 Rc3+ 41. Kb6 Rc8 42. Kxa5 Rf8 43. Kb5 f5 44. Kc5 f4 45. Rg7+ 1/2-1/2

[Event "EU-ch U16 26th"]
[Site "Prague"]
[Date "2016.08.22"]
[Round "5"]
[White "De Bock, Thijs"]
[Black "Bryker, Oleksandr"]
[Result "1-0"]
[WhiteElo "2058"]
[BlackElo "1852"]
[PlyCount "73"]
[EventDate "2016.08.18"]
[EventType "swiss"]
[EventRounds "9"]
[EventCountry "CZE"]
[SourceTitle "CBM 174 Extra"]
[Source "ChessBase"]
[SourceDate "2016.10.10"]
[SourceVersion "1"]
[SourceVersionDate "2016.10.10"]
[SourceQuality "1"]

1. e4 e6 2. Nf3 d5 3. Nc3 Nf6 4. e5 Nfd7 5. d4 c5 6. dxc5 Nc6 7. Bf4 Nxc5 8. Be2 Be7 9. 0-0 a6 10. a3 f5 11. exf6 Bxf6 12. Qd2 0-0 13. Bg5 d4 14. Bxf6 Qxf6 15. Na2 e5 16. Rad1 Be6 17. Nb4 Ne4 18. Qe1 Rac8 19. Nxc6 Rxc6 20. Bd3 Ng5 21. Nxe5 Rc5 22. f4 Nf7 23. Qe4 g6 24. Qxd4 Rd5 25. Qb4 b5 26. Rfe1 Rfd8 27. Nxf7 Qxf7 28. Re5 Bf5 29. Bxf5 gxf5 30. Rde1 Rxe5 31. fxe5 Qa7+ 32. Kh1 Rd7 33. Qb3+ Kf8 34. e6 Re7 35. Qc3 Kg8 36. Qf6 Qf2 37. Rd1 1-0

[Event "EU-ch U16 26th"]
[Site "Prague"]
[Date "2016.08.21"]
[Round "4"]
[White "Kildea, Robbie"]
[Black "De Bock, Thijs"]
[Result "1/2-1/2"]
[WhiteElo "1626"]
[BlackElo "2058"]
[PlyCount "135"]
[EventDate "2016.08.18"]
[EventType "swiss"]
[EventRounds "9"]
[EventCountry "CZE"]
[SourceTitle "CBM 174 Extra"]
[Source "ChessBase"]
[SourceDate "2016.10.10"]
[SourceVersion "1"]
[SourceVersionDate "2016.10.10"]
[SourceQuality "1"]

1. e4 c5 2. d4 cxd4 3. c3 Nf6 4. e5 Nd5 5. Nf3 d6 6. cxd4 Nc6 7. Bc4 Nb6 8. Bb5 dxe5 9. Nxe5 Bd7 10. Bxc6 Bxc6 11. Nxc6 bxc6 12. Nc3 g6 13. Be3 Bg7 14. Rc1 Qd7 15. 0-0 Rd8 16. Ne2 0-0 17. Qc2 Rc8 18. Rfd1 Rfd8 19. h3 Nd5 20. Qc5 Nxe3 21. fxe3 Qe6 22. Qa3 Bh6 23. Rc3 c5 24. Rcd3 cxd4 25. Nxd4 Qe4 26. Nf5 Rxd3 27. Nxh6+ Kg7 28. Qxd3 Qxd3 29. Rxd3 Rc1+ 30. Kh2 Kxh6 31. Rd7 Rc2 32. Rxa7 Rxb2 33. Rxe7 f6 34. Ra7 Re2 35. Ra3 Kg5 36. Kg3 h6 37. Kf3 Rb2 38. Ra4 Rc2 39. Ra3 Rb2 40. g3 Rc2 41. Ra6 Rh2 42. h4+ Kh5 43. e4 g5 44. Rxf6 Rxa2 45. hxg5 hxg5 46. Rd6 Ra3+ 47. Kf2 Kg4 48. e5 Rf3+ 49. Ke2 Rf5 50. Rd4+ Kxg3 51. Re4 Rf7 52. e6 Re7 53. Kf1 Kf3 54. Re1 g4 55. Kg1 Kg3 56. Re2 Rb7 57. Re1 Re7 58. Re2 Kh3 59. Rh2+ Kg3 60. Re2 Kf3 61. Re1 g3 62. Rf1+ Kg4 63. Re1 Kh3 64. Kh1 Kg4 65. Kg2 Kf4 66. Rf1+ Kg4 67. Rf3 Rxe6 68. Rxg3+ 1/2-1/2

[Event "BEL-ch op"]
[Site "Worriken Buetgenbach"]
[Date "2016.07.07"]
[Round "6.5"]
[White "De Bock, Thijs"]
[Black "Van Laeken, Jonathan"]
[Result "1/2-1/2"]
[WhiteElo "1899"]
[BlackElo "1987"]
[PlyCount "83"]
[EventDate "2016.07.03"]
[EventType "swiss"]
[EventRounds "9"]
[EventCountry "BEL"]
[SourceTitle "EXT 2024"]
[Source "ChessBase"]
[SourceDate "2023.10.10"]
[SourceVersion "1"]
[SourceVersionDate "2023.10.10"]
[SourceQuality "1"]

1. e4 c5 2. Nf3 Nc6 3. d4 cxd4 4. Nxd4 g6 5. c4 Bg7 6. Be3 Nf6 7. Nc3 Ng4 8. Qxg4 Nxd4 9. Qd1 Ne6 10. Qd2 d6 11. Be2 Qa5 12. Rc1 b6 13. 0-0 Bb7 14. f3 h5 15. Bd1 Bc6 16. b3 g5 17. Nd5 Qxd2 18. Bxd2 Be5 19. Bc3 Bxc3 20. Rxc3 Kd7 21. Kf2 h4 22. Ke3 Rac8 23. b4 b5 24. Ra3 Ra8 25. Be2 Rhb8 26. g3 bxc4 27. Bxc4 Nf8 28. Rb1 e6 29. b5 Bxd5 30. exd5 Ng6 31. f4 hxg3 32. hxg3 gxf4+ 33. gxf4 Rh8 34. dxe6+ fxe6 35. Bf1 Ne7 36. Bg2 Nf5+ 37. Kf2 d5 38. Rh1 Rhc8 39. Rh7+ Ne7 40. f5 Rc2+ 41. Kf1 Rc1+ 42. Kf2 1/2-1/2

[Event "Brasschaat op 15th"]
[Site "Brasschaat"]
[Date "2015.08.18"]
[Round "4"]
[White "De Bock, Thijs"]
[Black "Dockx, Michel"]
[Result "1-0"]
[WhiteElo "1759"]
[BlackElo "1542"]
[PlyCount "47"]
[EventDate "2015.08.15"]
[EventType "swiss"]
[EventRounds "9"]
[EventCountry "BEL"]
[SourceTitle "EXT 2017"]
[Source "ChessBase"]
[SourceDate "2016.10.25"]
[SourceVersion "1"]
[SourceVersionDate "2016.10.25"]
[SourceQuality "1"]

1. e4 e6 2. Nf3 Ne7 3. d4 d5 4. e5 c5 5. c3 Nbc6 6. Bd3 cxd4 7. cxd4 Qb6 8. 0-0 g6 9. Nc3 a6 10. Bg5 Bg7 11. Qd2 0-0 12. Bf6 Bd7 13. Qg5 h6 14. Qh4 Rae8 15. Rfc1 Qd8 16. Nd1 b5 17. Ne3 Nb4 18. Bb1 a5 19. Ng4 h5 20. Bxg7 Kxg7 21. Qf6+ Kg8 22. Nh6+ Kh7 23. Nxf7 Rxf7 24. Ng5+ 1-0

[Event "BEL-ch U14"]
[Site "Blankenberge"]
[Date "2015.04.17"]
[Round "8"]
[White "De Bock, Thijs"]
[Black "Gronsfeld, Stefan"]
[Result "1-0"]
[WhiteElo "1474"]
[BlackElo "1518"]
[PlyCount "99"]
[EventDate "2015.04.12"]
[EventType "swiss"]
[EventRounds "9"]
[EventCountry "BEL"]
[SourceTitle "CBM 166 Extra"]
[Source "ChessBase"]
[SourceDate "2015.06.18"]
[SourceVersion "1"]
[SourceVersionDate "2015.06.18"]
[SourceQuality "1"]

1. e4 e5 2. Nf3 Nc6 3. d4 exd4 4. Bc4 Bc5 5. c3 Nf6 6. e5 d5 7. Bb5 Ne4 8. cxd4 Bb6 9. 0-0 0-0 10. Nc3 Bg4 11. Bd3 Bxd4 12. Nxe4 dxe4 13. Bxe4 Bxf3 14. Qxf3 Nxe5 15. Qh3 h6 16. Bf4 Qf6 17. Qg3 Rfe8 18. Rfd1 c5 19. Rab1 Re7 20. b4 Nc4 21. Bc2 Na3 22. Qxa3 Qxf4 23. Qd3 g6 24. bxc5 Qxf2+ 25. Kh1 Re2 26. Rg1 Rxc2 27. Rbf1 Qd2 28. Qb3 Rf8 29. Rd1 Qc3 30. Rxd4 Qxd4 31. Qxc2 Rc8 32. Qb3 Rxc5 33. Qxb7 Rc2 34. a3 Rd2 35. Rf1 Qd5 36. Qb8+ Kg7 37. Qg3 Rd1 38. Qf2 Rxf1+ 39. Qxf1 Qb3 40. Qa1+ Kf8 41. h3 f5 42. Qh8+ Kf7 43. Qh7+ Kf6 44. Qxa7 Kg5 45. Qe7+ Kh5 46. Qb4 Qd1+ 47. Kh2 Qe2 48. Qf4 Qa6 49. g4+ fxg4 50. Qxg4# 1-0